|
|
|
|
| LEADER |
00000nam a22000007a 4500 |
| 005 |
20110826113520.0 |
| 008 |
110826t2004 cl ||||s|||| 00| 0 spa d |
| 020 |
|
|
|a 958-33-6782-6
|
| 035 |
|
|
|a 5387
|
| 040 |
|
|
|a vLex
|
| 090 |
|
|
|c 2271
|d 2271
|
| 100 |
1 |
|
|a Goyes Moreno, Moreno
|
| 245 |
1 |
0 |
|a Incidencias de la acreditacin̤ de programas en los currc̕ulos universitarios
|c Isabel Goyes Moreno, Mireya Usct̀egui de Jimňez
|h [Recurso electrn̤ico] /
|
| 256 |
|
|
|a Servicio en ln̕ea.
|
| 260 |
|
|
|a [Colombia] :
|b Universidad de Nariǫ,
|c 2004.
|
| 506 |
1 |
|
|a Contenido solo disponible en los productos indicados
|d vLex Global
|d vLex Global (Academic Edition, excluding Law Schools)
|d vLex Global (U.S. Academic Edition, Law Schools)
|d vLex Global (U.S. Academic Edition, excluding Law Schools)
|d vLex Global (Academic Edition, Law Schools)
|
| 650 |
0 |
4 |
|a Enseąnaza universitaria
|
| 700 |
1 |
|
|a Usct̀egui de Jimňez, Mireya
|
| 740 |
0 |
|
|a vLex Libros (Servicio en ln̕ea)
|
| 856 |
4 |
0 |
|u http://vlex.com/source/incidencias-acreditacion-programas-curriculos-universitarios-5387
|z Acceso restringido
|
| 942 |
|
|
|c BOOK
|